Statistiques concernant Classement des 50 meilleurs défenseurs de l’histoire du Football.

Cliquez ici pour prendre le quiz!

Statistiques générales

  • Ce quiz a été pris 399 fois
  • Le résultat moyen est 14 sur 50

Statistiques - réponses

ClassementPaysAgeAnnée de
la carrière
ClubsInitialJoueur% Correct
1Italie55 ans1985-2009AC MilanP-MPaolo Maldini
98%
8ItalieDécéder
en 2016
1952-1967US Triestina,
AC Milan,
AC Torino.
C-MCesare Maldini
97%
20Espagne37 ansDepuis 2003Seville Atlético,
Séville FC,
Real Madrid,
Paris Saint-Germain.
S-RSergio Ramos
83%
3Allemagne77 ans1964-1983Bayern Munich,
New York Cosmos,
Hambourg SV,
New York Cosmos.
F-BFranz Beckenbauer
69%
4Brésil53 ans1989-2008Sao Paulo FC,
Real Saragosse,
Palmeiras,
AS Rome,
AC Milan.
CCafu
67%
13Espagne36 ans2004-2022Manchester United,
Real Saragosse,
FC Barcelone.
G-PGerard Pique
66%
34Brésil50 ans1989-2015Uniao Sao Joao,
Atlético Mineiro,
SE Palmeiras,
Inter Milan,
Real Madrid,
Fenerbahçe,
Corinthians,
Anji Makhatchkala,
Odisha FC.
R-CRoberto Carlos
65%
10Italie47 ans1993-2014Lazio Rome,
AC Milan,
Impact de Montréal,
Chennaiyin FC.
A-NAlessandro Nesta
64%
2Italie63 ans1977-1997AC MilanF-BFranco Baresi
63%
40Espagne45 ans1999-2014FC Barcelone B,
FC Barcelone.
C-PCarles Puyol
61%
30Italie49 ans1992-2011SSC Naples,
Parme AC,
Inter Milan,
Juventus FC,
Real Madrid,
Juventus FC,
Al-Ahli.
F-CFabio Cannavaro
60%
27Brésil38 ansDepuis 2002RS Futebol,
EC Juventude,
FC Porto B,
Fluminense,
AC Milan,
Paris Saint-Germain,
Chelsea FC.
T-SThiago Silva
56%
50Brésil35 ansDepuis
2005
Fluminense FC,
Real Madrid,
Olympiakos,
Fluminense FC.
MMarcelo
53%
36Brésil40 ansDepuis
2001
EC Bahia,
FC Séville,
FC Barcelone,
Juventus FC,
Paris Saint-Germain,
Sao Paulo FC,
FC Barcelone,
Pumas UNAM.
D-ADani Alves
50%
16France51 ans1991-2008AS Monaco,
Parme AC,
Juventus,
FC Barcelone.
L-TLilian Thuram
50%
5AngleterreDécéder
en 1993
1958-1978West Ham United,
Fulham FC,
Thunder de San Antonio,
Seattle Sounders,
Herning Fremad.
B-MBobby Moore
45%
45Allemagne39 ans2002-2017Bayern Munich,
VFB Stuttgart.
P-LPhilipp Lahm
38%
17Brésil45 ans1997-2019CR Guarani,
SC Internacional,
Bayer Leverkusen,
Bayern Munich,
Inter Milan,
Juventus Turin,
Sao Paulo FC,
SE Palmeiras,
FC Goa,
SE Gama,
Brasiliense FC.
LLucio
37%
6Pays-Bas60 ans1980-1995Ajax Amsterdam,
Real Saragosse,
AC Milan,
Ajax Amsterdam.
F-RFrank Rijkaard
31%
26BrésilDécéder
en 2016
1963-1982Fluminense FC,
Santos FC,
Botafogo FR,
Fluminense FC,
CR Flamengo,
New York Cosmos,
California Surf,
New York Cosmos.
C-ACarlos Alberto
27%
42Pays-Bas50 ans1992-2007PEC Zwolle,
Cambuur Leeuwarden,
Willem II Tilburg,
PSV Eindhoven,
Manchester United,
SS Lazio,
AC Milan,
Ajax Amsterdam.
J-SJaap Stam
26%
38Angleterre48 ans1992-2011Manchester UnitedG-NGary Neville
24%
25France73 ans1969-1984AC Ajaccio,
Olympique de Marseille,
Girondins de Bordeaux.
M-TMarius Tresor
23%
49Brésil41 ans2001-2021Cruzeiro EC,
AS Monaco,
Inter Milan,
Manchester City,
AS Rome,
Avai FC,
Criciuma EC,
Villa Nova AC,
ASD Sona,
SP Tre Penne.
MMaicon
22%
28Angleterre45 ans1996-2013Liverpool FCJ-CJamie Carragher
19%
12Italie57 ans1986-2007AC Milan,
Calcio Monza.
A-CAlessandro Costacurta
13%
7ItalieDécéder
en 2006
1960-1978Inter MilanG-FGiacinto Facchetti
11%
9Argentine70 ans1971-1989Sarmiento,
River Plate,
AC Fiorentina,
Inter Milan,
River Plate.
D-PDaniel Passarella
8%
22BrésilDécéder
en 2013
1948-1964BotafogoN-S. Nilton Santos
8%
41Allemagne62 ans1980-19981.FC Sarrebruck,
FC Kaiserslautern,
Bayern Munich,
Inter Milan,
Real Saragosse,
FC Kaiserslautern.
A-B,Andreas Brehme
6%
18Brésil57 ans1985-2009CR Flamengo,
Benfica Lisbonne,
AS Rome,
Genoa CFC,
Rio Branco AC,
SS Murata.
AAldair
6%
32Allemagne57 ans1983-2002Waldhof Mannheim,
FC Cologne,
Bayern Munich,
Juventus,
Borussia Dortmund.
J-KJurgen Kohler
6%
48Allemagne71 ans1970-1983Bayern Munich,
Real Madrid,
Eintracht Brunswick,
Bayern Munich.
P-BPaul Breitner
6%
31Danemark73 ans1970-1989Cercle Bruges,
RWD Molenbeek,
RSC Anderlecht,
FC Cologne.
M-OMorten Olsen
5%
11Pays-Bas74 ans1968-1986Ajax Amsterdam,
Whitecaps Vancouver,
SSC Naples,
AS Cannes.
R-KRuud Krol
5%
24Italie59 ans1980-1999Inter MilanG-BGiuseppe Bergomi
4%
21Italie69 ans1971-1988Varèse Calcio,
AS Arona,
Juventus FC,
AC Fiorentina,
Plaisance FC.
C-GClaudio Gentile
3%
46Italie65 ans1973-1991US Cremonese,
Atalanta Bergame,
Juventus FC,
Bologne FC.
A-CAntonio Cabrini
2%
47Italie69 ans1981-1996Inter Milan,
Sampdoria.
R-FRiccardo Ferri
2%
35Allemagne67 ans1975-1988FC Kaiserslautern,
Hellas Vérone,
Sampdoria.
HP-BHans-Peter Briegel
2%
19Allemagne70 ans1971-1991Hambourg SV,
Girondins de Bordeaux,
FC Mulhouse,
Hambourg SV.
M-KManfred Kaltz
2%
15Italie63 ans1978-1997Lazio Rome,
AC Milan.
M-TMauro Tassotti
2%
23Ecosse68 ans1973-1991Partick Thistle,
Liverpool FC.
A-HAlan Hansen
1%
14Italie66 ans1976-1993AC Milan,
Inter Milan,
Udinese,
AS Rome,
Genoa CFC.
F-CFulvio Collovati
1%
43Allemagne84 ans1958-1975FC Cologne,
AC Mantoue,
AS Rome,
AC Milan,
Tennis Borussia Berlin.
Karl-Heinz Schnellinger
1%
44Roumanie59 ans1982-2001Steaua Bucarest,
Etoile Rouge,
Valence,
Real Valladolid,
Villarreal,
Atlante,
Steaua Bucarest.
M-BMiodrag Belodedici
1%
33Angleterre72 ans1968-1989Northampton Town FC,
Liverpool,
Bolton Wanderers.
P-NPaul Neal
1%
29ItalieDécéder
en 2010
1960-1979AC Torino,
AC Milan,
Genoa CFC,
US Aoste.
R-RRoberto Rosato
1%
39ItalieDécéder
en 2021
1958-1977AC Udinese,
Juventus FC,
US Palerme,
Inter Milan,
SSC Naples.
T-BTarcisio Burgnich
1%
37Pays-BasDécéder
en 2020
1964-1987Ajax Amsterdam,
Schalke 04,
FC Metz,
Aztecs de Los Angeles,
Sparta Rotterdam,
Earthquakes de Golden Bay.
W-SWim Suurbier
1%

Distribution des résultats

Percentile par nombre de réponses

% des personnes avec chaque résultat

Votre développement - résultats

Vous n’avez pas pris ce quiz